KOHA-Header-6

Biostatistics (Record no. 13133)

000 -LEADER
fixed length control field 00345nam a22001337a 4500
020 ## - INTERNATIONAL STANDARD BOOK NUMBER
ISBN 9788131804445
082 ## - DEWEY DECIMAL CLASSIFICATION NUMBER
Classification number 570.151
100 ## - MAIN ENTRY--AUTHOR NAME
Personal name Dr Qazi Shoeb Ahmad,Dr Mohd. Vaseem Ismail & Shadab Ahmad Khan
245 ## - TITLE STATEMENT
Title Biostatistics
250 ## - EDITION STATEMENT
Edition statement 2nd Edition
260 ## - PUBLICATION, DISTRIBUTION, ETC. (IMPRINT)
Place of publication India
Name of publisher University Science Press
Year of publication 2017
300 ## - PHYSICAL DESCRIPTION
Number of Pages 454 pages
942 ## - ADDED ENTRY ELEMENTS (KOHA)
Koha item type Books
Holdings
Withdrawn status Lost status Collection code Permanent Location Current Location Shelving location Date acquired Full call number Accession Number Koha item type
    Bio Sciences MAJU MAJU Shelf No.A36 2021-08-12 570.151 10229 Bio Science

Powered by Koha